Manual de control de costos (Registro nro. 2005)

Detalles MARC
000 -LEADER
fixed length control field 01690 a2200205 4500
001 - CONTROL NUMBER
control field 30078
005 - DATE AND TIME OF LATEST TRANSACTION
control field 20260407155611.0
008 - FIXED-LENGTH DATA ELEMENTS--GENERAL INFORMATION
fixed length control field 260407a1958 arg spa d
003 - CONTROL NUMBER IDENTIFIER
control field AR-UNSa-BCEJYS
040 ## - CATALOGING SOURCE
Original cataloging agency AR-UNSa-BCEJYS
Language of cataloging spa
Transcribing agency AR-UNSa-BCEJYS
080 ## - UNIVERSAL DECIMAL CLASSIFICATION NUMBER
Universal Decimal Classification number 657.474.2
Common auxiliary subdivision Relaciones entre la contabilidad comercial y la contabilidad de costes<br/>
100 1# - MAIN ENTRY--PERSONAL NAME
Personal name Lang, Theodore
245 10 - TITLE STATEMENT
Title Manual de control de costos
264 #1 - PRODUCTION, PUBLICATION, DISTRIBUTION, MANUFACTURE, AND COPYRIGHT NOTICE
Place of production, publication, distribution, manufacture México :
Name of producer, publisher, distributor, manufacturer Unión Tipográfica Editorial Hispano-Americana (UTEHA)
Date of production, publication, distribution, manufacture, or copyright notice 1958
300 ## - PHYSICAL DESCRIPTION
Extent 1558 p.
Dimensions 20 cm.
505 ## - FORMATTED CONTENTS NOTE
Formatted contents note 1. Informes,análisis y control - 2. Análisis de las variaciones - 3. Clasificaciones de los costos - 4. El departamento de costos - 5. Organización de los registros de costos - 6. Fijación de los costos estándar - 7. Operación de los costos estándar - 8. Sistemas de costos por órdenes específicas - 9. Sistemas de costos por procesos continuos - 10. Costos de producción conjunta y subproductos - 11. Costos estimados - 12. Compras de materiales - 13. Costos e inventarios de materiales - 14. Desecho,desperdicio y producción defectuosa - 15. Medición del tiempo y nóminas de salarios - 16. Costos de la mano de obra - 17. Acumulación de los gastos indirectos - 18. Distribución de los gastos indirectos - 19. Los gastos indirectos y el costo del producto - 20. Los gastos indirectos y la capacidad normal - 21. Costos de investigación y desarrollo - 22. Activo de fábrica y depreciación - 23. Presupuestos - 24. Las asociaciones de fabricantes y los sistemas uniformes de costos - 25. Métodos estadísticos y matemáticos.
590 ## - LOCAL NOTE (RLIN)
Local note niveau_biblio:m niveau_hierar:0
700 1# - ADDED ENTRY--PERSONAL NAME
Personal name Cardenas, Ramon C.
942 ## - ADDED ENTRY ELEMENTS (KOHA)
Koha item type
Existencias
Withdrawn status Lost status Damaged status Not for loan Home library Current library Shelving location Date acquired Total checkouts Full call number Barcode Date last seen Price effective from Koha item type
        Biblioteca Prof. Eusebio Cleto del Rey Biblioteca Prof. Eusebio Cleto del Rey   07/04/2026   657.474.2 L269 L20107 07/04/2026 07/04/2026 Libro
        Biblioteca Prof. Eusebio Cleto del Rey Biblioteca Prof. Eusebio Cleto del Rey   07/04/2026   657.474.2 L269 L20108 07/04/2026 07/04/2026 Libro
        Biblioteca Prof. Eusebio Cleto del Rey Biblioteca Prof. Eusebio Cleto del Rey   07/04/2026   657.474.2 L269 L21163 07/04/2026 07/04/2026 Libro
        Biblioteca Prof. Eusebio Cleto del Rey Biblioteca Prof. Eusebio Cleto del Rey   07/04/2026   657.474.2 L269 L21596 07/04/2026 07/04/2026 Libro